| 000 | 00841nam a22002777a 4500 | ||
|---|---|---|---|
| 003 | MX-MxINE | ||
| 005 | 20260530113913.0 | ||
| 008 | 260505b |||||||| |||| 00| 0 eng d | ||
| 040 |
_aICI _bspa _cICI _erda |
||
| 041 | _aeng | ||
| 050 |
_aHD69.D4 _bF366 |
||
| 100 |
_aFarr, Michael, _eautor _933660 |
||
| 245 |
_aDesign management / _cMichael Farr |
||
| 260 |
_aLondon : _bHodder & Stoughton, _c1966 |
||
| 264 |
_aLondon _bHodder & stoughton |
||
| 300 |
_a162 páginas : _bIlustraciones |
||
| 336 |
_2rdacontent _atexto |
||
| 337 |
_2rdamedia _asin medio |
||
| 338 |
_2rdacarrier _avolumen |
||
| 502 | _aIncluye índice | ||
| 650 | 4 |
_aDiseño _vAdministración _933661 |
|
| 650 | 4 |
_aInnovación empresarial _933662 |
|
| 650 | 4 |
_aDesarrollo de productos _933663 |
|
| 650 | 4 |
_aPlanificación estratégica _933664 |
|
| 942 |
_2lcc _cBK _n1 |
||
| 999 |
_c12185 _d12185 |
||